| 000 | 00694nam a22002057a 4500 | ||
|---|---|---|---|
| 005 | 20231221151732.0 | ||
| 010 | _aENG-138704 | ||
| 020 |
_a9789389740059 _c995.00 |
||
| 035 | _aEN-122236 | ||
| 037 | _bDBAD/PUB | ||
| 082 |
_a370.72 _21 |
||
| 100 |
_aHalder, Santoshi _960131 |
||
| 245 |
_aIntroduction to Research Methodology in Education: _cBy Santoshi Halder and Bijan Sarkar _bAn Overview/ |
||
| 250 | _a1 | ||
| 260 |
_aNew Delhi _bNeelkamal Publications _c2020 |
||
| 270 |
_a4764/1, 23, Ansari Road, Daryaganj, _bDelhi _e110002 _k011-23224237 _k9811828953 |
||
| 300 |
_ax+204p. _bIndex _c25cm(hbk) |
||
| 700 |
_aSarkar, Bijan _960132 |
||
| 942 |
_2ddc _cEN _h370.72 _mHAL _e1 |
||
| 999 |
_c199763 _d199763 |
||